| 000 | 00693cam a22002293a 4500 | ||
|---|---|---|---|
| 001 | 38671 | ||
| 003 | PGUSA | ||
| 005 | 20140828083843.0 | ||
| 008 | 120125s2012||||xxu|||||s|||||000 | eng d | ||
| 040 |
_aPGUSA _beng |
||
| 042 | _adc | ||
| 050 | 4 | _aAP | |
| 245 | 1 | 0 |
_aPunch, or the London Charivari, Vol. 105 September 23, 1893 _h[electronic resource] / _cVarious |
| 260 |
_bProject Gutenberg, _c2012 |
||
| 506 | _aPublic domain in the USA. | ||
| 516 | _aElectronic text | ||
| 653 | _aEnglish wit and humor -- Periodicals | ||
| 700 | 1 |
_aBurnand, F. C. _q(Francis Cowley), _d1836-1917 |
|
| 830 | 0 |
_aProject Gutenberg _v38671 |
|
| 856 | 4 | 0 | _uhttp://www.gutenberg.org/ebooks/38671 |
| 942 | _cEB | ||
| 999 |
_c267925 _d267925 |
||